Kontajner pre dlhodobé suché skladovanie vyhoreného jadrového paliva typu CASTOR 440/84M a možnosti jeho využitia
Gespeichert in:
| 1. Verfasser: | |
|---|---|
| Weitere Verfasser: | |
| Format: | Manuskript Buch |
| Sprache: | Slowakisch |
| Veröffentlicht: |
2016
|
| Schlagworte: | |
| Online-Zugang: | http://is.stuba.sk/zp/portal_zp.pl?podrobnosti=131314 |
| Tags: |
Keine Tags, Fügen Sie das erste Tag hinzu!
|
MARC
| LEADER | 00000ntm a22000003a 4500 | ||
|---|---|---|---|
| 001 | stuzp51891 | ||
| 003 | SK-STU | ||
| 005 | 20160805091215.5 | ||
| 007 | ta | ||
| 008 | 150427s2015----xo-----f-mn---000-0-slo-d | ||
| 040 | |a STU |b slo | ||
| 041 | 0 | |a slo | |
| 044 | |a xo | ||
| 100 | 1 | |a Flamíková, Dorota |u 036000 |k Z4 |4 aut |U FEI Fakulta elektrotechniky a informatiky |T FEI Ústav jadrového a fyzikálneho inžinierstva |X 6083 |U E060 |Y 817 |7 A000006083 | |
| 242 | 0 | 1 | |a Possibilities of utilizing the metal cask for long term dry storage of spent nuclear fuel CASTOR 440/84M |y eng |
| 245 | 1 | 0 | |a Kontajner pre dlhodobé suché skladovanie vyhoreného jadrového paliva typu CASTOR 440/84M a možnosti jeho využitia |
| 260 | |c 2016 | ||
| 300 | |a 67 s. | ||
| 650 | 4 | |a vyhorené jadrové palivo |2 slo | |
| 650 | 4 | |a skladovanie vyhoreného jadrového paliva |2 slo | |
| 650 | 4 | |a CASTOR 440/84M |2 slo | |
| 650 | 4 | |a výpočtový kód MCNP |2 slo | |
| 650 | 4 | |a suché skladovacie kontajnery |2 slo | |
| 650 | 4 | |a MCNP code |2 eng | |
| 650 | 4 | |a CASTOR 440/84M |2 eng | |
| 650 | 4 | |a spent nuclear fuel |2 eng | |
| 650 | 4 | |a storage of spent nuclear fuel |2 eng | |
| 650 | 4 | |a dry cask storage systems |2 eng | |
| 700 | 1 | |a Nečas, Vladimír |u 036000 |k Z1 |4 ths |U FEI Fakulta elektrotechniky a informatiky |T FEI Ústav jadrového a fyzikálneho inžinierstva |X 1934 |U E060 |Y 817 |7 A000001934 | |
| 856 | 4 | |u http://is.stuba.sk/zp/portal_zp.pl?podrobnosti=131314 | |
| 996 | |b 284EP11433 |c E*DIPL- 11433 |l EE36 |s P |a 0 |w stuzp51891_0001 | ||
| SQL | |a stuzp51891 |b DDP |c SLO |d Kontajner pre dlhodobé suché skladovanie vyhoreného jadrového paliva typu CASTOR 440/84M a možnosti jeho využitia |e 6083 |f Flamíková, Dorota |g 036000 |h 1934 |i Nečas, Vladimír |j 20160613 |k 1173 |l 03 |m http://is.stuba.sk/zp/portal_zp.pl?podrobnosti=131314 |n I-JFI |o 5.2.48. fyzikálne inžinierstvo | ||